000 01163nac a22002171u 4500
008 101027s1976 xxu||||| |||| 00| 0 ara d
020 _a977201159
082 _a257.2
_bق ر ش
100 1 _aالقرشى ، محمد بن محمد بن أحمد
_920653
245 _aكتاب معالم القربة في أحكام الحسبة /
_cمحمد بن محمد بن أحمد القرشى ؛ تحقيق محمد محمود شعبان ، صديق أحمد عيسى المطيعى
260 _aالقاهرة :
_bالهيئة المصرية العامة للكتاب ،1976
_c1976.
300 _a413 ص :
_bايض ؛
_c24 سم.
504 _aيشتمل على ببليوجرافية ص 352-358 وكشافات
511 _aCatalogued by: Sara
650 _aالفقه الإسلامى
_913723
650 _aالحسبة
_920654
700 _aشعبان ، محمد محمود
_920655
700 _aالمطيعى ، صديق أحمد عيسى
_920656
942 _cBB
_k257.2 ق ر ش
_2ddc
999 _c7377
_d7377